Богун (Запис № 413987)

МАРК-запис
000 -Лідер
fixed length control field 01337nam a22002777a 4500
001 - Контрольний номер
control field 126846
003 - Ідентифікатор контрольного номера
control field UA-OsUOA
005 - Дата та час останнього входження (трансакції)
control field 20260211092100.0
007 - Фіксоване поле фізичного опису
fixed length control field ta
008 - Елементи даних фіксованої довжини – загальна інформація
fixed length control field 20171110b un ||||| |||| 00| 0 ukr d
020 ## - Міжнародний стандартний книжковий номер (ISBN)
Міжнародний стандартний книжковий номер (ISBN) (НП) 5770753951
040 ## - Джерело каталогізації
Агенція оригінальної каталогізації UA-OsUOA
Мова каталогізації ukr
Агенція, яка здійснювала перезапис UA-OsUOA
Агенція, яка здійснювала модифікацію UA-OsUOA
041 ## - Код мови
Код мови тексту/ звукової доріжки чи окремого заголовка (П) ukr
080 ## - Індекс Універсальної десяткової класифікації
Індекс Універсальної десяткової класифікації (УДК) (НП) 821.161.2
090 ## - Локальний шифр розміщення
Класифікаційний індекс УДК 821.161.2
Авторський знак (НП) С59
100 ## - Основне введення – ім’я особи
Ім’я особи (НП) Соколовський О.
9 (RLIN) 23073
245 ## - Відомості про назву
Назва (НП) Богун
Решта назви (НП) історичний роман з часів Хмельниччини
Дані про відповідальність (НП) О. Соколовський
260 ## - Публікація, розповсюдження і т.п. (Вихідні дані)
Місце публікації, розповсюдження і т.п. (П) К.
Ім’я/ наймення видавництва, розповсюджувача і т.п. (П) УЦДК
Дата публікації, розповсюдження і т.п. (П) 1996
300 ## - Фізичний опис
Обсяг 365 с.
490 ## - Область серії
Назва серії Український історичний роман
520 ## - Резюме і т.п.
Резюме, реферат, анотація, тощо (НП) Основний фон роману - історичні події визвольної війни українського народу проти польсько - шляхетських колонізаторів 1648-1654 рр. Головну увагу письменник звертає на православного полковника Івана Богуна, його дії, військові операції, особисте життя.
650 #7 - Додаткове предметне введення – тематичний термін
Тематичний термін чи географічна назва, як елемент введення (НП) 82 Література. Літературознавство
Джерело заголовка чи терміна UDC
9 (RLIN) 15
942 ## - Додаткові елементи входу (Коха)
Тип елемента Koha Книги
Source of classification or shelving scheme Universal Decimal Classification
955 ## - Код типу видання за змістом
Код типу видання за змістом (НП) Літературно-художні видання
Фонди
Стан вилучень Стан втрат Джерело класифікації або схеми стелажів Стан уражень Не для кредиту Код колекції Постійне місце розташування Поточне розміщення Дата придбання Джерело придбання Вартість, звичайна ціна покупки Інвентарний номер Усього замовленно Повний номер виклику Штрих-код Дата останнього перегляду Ціна ефективна від Тип елемента Koha Вартість, ціна заміни
    Universal Decimal Classification     Колекція Жулинського М.Г. АБ - Абонемент НБ АБ - Абонемент НБ 10/11/2017 48/2017 17.00 156731   821.161.2 С59 156731 06/02/2022 10/11/2017 Книги  
    Universal Decimal Classification     Колекція Шевчука Валерія АБ - Абонемент НБ АБ - Абонемент НБ 29/01/2026 №03/21.01.2026 17.00     821.161.2 С59 169250 29/01/2026 29/01/2026 Книги 17.00